Pays avec les habitants les plus grands - Statistiques

Statistiques générales
  • Ce quiz a été pris 35 fois
  • Le résultat moyen est 3 sur 7
Statistiques - réponses
Hint Réponse % Correct
182,5 cm Pays-Bas
91%
181,9 cm Danemark
78%
181,3 cm Islande
59%
180,5 cm Serbie
31%
180,8 cm Croatie
28%
181,5 cm Bosnie-Herzégovine
25%
182 cm Monténégro
25%
Aucun quiz correspondant
Distribution des résultats
% des personnes avec chaque résultat
Percentile par nombre de réponses
Votre historique - résultats
Vous n’avez pas pris ce quiz